000 00590nam a22001937a 4500
005 20250519152216.0
008 250519b |||||||| |||| 00| 0 eng d
040 _cDO
245 _aCuba
250 _aJune 1999 Vol. 195 No. 6
490 _aNational Geographic
520 _aCuba, The Rebirth of Old Havana, A Dinosaur Named Sue, John Glenn: Man With a Mission, Tam Dao- Sanctuary Under Siege, Ancient Art of the Sahara, Deep Soul of the New River
650 _xEVOLUTION
650 _xDINOSAUR
650 _xSPACE
650 _xSANCTUARY
650 _xDISCOVERY
942 _2ddc
_cCR
999 _c5543
_d5543